[Event "CAN-ch U12"]
[Site "Windsor"]
[Date "2010.07.06"]
[Round "1"]
[White "Nasir, Zehn"]
[Black "Chana, Dilpreet"]
[Result "1-0"]
[WhiteElo "1667"]
[BlackElo "1088"]
[PlyCount "35"]
[EventDate "2010.07.06"]
[EventType "swiss"]
[EventRounds "7"]
[EventCountry "CAN"]
[SourceTitle "EXT 2012"]
[Source "ChessBase"]
[SourceDate "2011.11.24"]
[SourceVersion "1"]
[SourceVersionDate "2011.11.24"]
[SourceQuality "1"]

1. d4 d5 2. e4 e6 3. Be3 Nc6 4. Nd2 Nge7 5. c3 Ng6 6. e5 Be7 7. Ngf3 0-0 8. Bd3 Bh4 9. Nxh4 Nxh4 10. 0-0 Nb8 11. Bxh7+ Kxh7 12. Qh5+ Kg8 13. Bg5 Qd7 14. Qxh4 Qb5 15. Nf3 Qxb2 16. Be7 Re8 17. Ng5 Rxe7 18. Qh7+ 1-0